| 000 | 00574nam a2200169 a 4500 | ||
|---|---|---|---|
| 005 | 20140412111220.0 | ||
| 008 | 000904s19uu xx 00 eng d | ||
| 020 | _a1-85737-046-5 | ||
| 050 |
_aREF 507 _bIl6 1991 |
||
| 245 |
_aThe Illustrated dictionary of : _bscience and technology / _ccontributors: Peter Mellet, Philip Morgan, Jane Walker. |
||
| 260 |
_aWiltshire, UK : _bMerlion Publishing LTd., _c1991. |
||
| 300 | _a160 p. ; ill. | ||
| 440 | _aThe Illustrated Dictionary | ||
| 650 |
_aSciences _xDictionaries |
||
| 650 |
_aTechnology _xDictionaries |
||
| 999 |
_c101909 _d101909 |
||